La Educación y Desarrollo en América Latina /

Na minha lista:
Detalhes bibliográficos
Autor principal: Morales Gómez, Daniel A. (autor)
Formato: Livro
Idioma:espanhol
Publicado em: México : Gernika, 1984
Edição:3a edición
coleção:(Educación y Sociología ; 5)
Assuntos:
Tags: Adicionar Tag
Sem tags, seja o primeiro a adicionar uma tag!

MARC

LEADER 00000nam^a2200000^a^4500
001 000014184
005 20250521000000.0
009 20260310083931.757
037 |a Acervo ITESO - Biblioteca 
041 |a ESP 
082 |a 374. 44  |b MOR 
100 |a Morales Gómez, Daniel A.  |e (autor) 
245 1 3 |a La Educación y Desarrollo en América Latina /  |c D.A. Morales-Gómez. 
250 |a 3a edición 
264 1 |a México :  |b Gernika,  |c 1984 
300 |a 334 p. 
336 |a texto  |b txt  |2 rdacontenido 
337 |a sin mediación  |b n  |2 rdamedio 
338 |a volumen  |b nc  |2 rdasoporte 
440 1 |a (Educación y Sociología ;  |v 5) 
649 |a XX 
650 |a Sociología de la Educación 
650 |a Sociología de la Educación -  |z Latinoamérica 
650 |a Educación y Desarrollo -  |z Latinoamérica 
910 |a Fondo General 
920 |a Impresos - Libros 
930 |a Colección General 
905 |a 101 
901 |a 0141840100  |b IT1  |c ACC  |i 014184  |u 20250521 
902 |a https://opac.biblio.iteso.mx/vufind/Record/000014184